[Event "EU-ch 12th"]
[Site "Aix les Bains"]
[Date "2011.03.27"]
[Round "6"]
[White "Mercier, Pierre"]
[Black "Van Hoolandt, Patrick"]
[Result "0-1"]
[WhiteElo "1741"]
[BlackElo "2165"]
[PlyCount "90"]
[EventDate "2011.03.22"]
[EventType "swiss"]
[EventRounds "11"]
[EventCountry "FRA"]
[SourceTitle "CBM 142 Extra"]
[Source "ChessBase"]
[SourceDate "2011.06.27"]
[SourceVersion "1"]
[SourceVersionDate "2011.06.27"]
[SourceQuality "1"]

1. d4 Nf6 2. c4 e6 3. Nf3 d5 4. Bg5 Bb4+ 5. Nbd2 dxc4 6. a3 Bxd2+ 7. Qxd2 b5 8. a4 c6 9. e3 0-0 10. axb5 cxb5 11. b3 cxb3 12. Qb4 a6 13. Bxb5 Ra7 14. Bd3 Rb7 15. Qa3 Qb6 16. 0-0 b2 17. Rab1 Qb3 18. Qxb3 Rxb3 19. Bc2 Rb4 20. e4 Bb7 21. Rfd1 Rc8 22. Bd2 Rb6 23. Ne1 Nxe4 24. f3 Nxd2 25. Rxd2 Bd5 26. Nd3 Nc6 27. Rxb2 Rxb2 28. Nxb2 Nxd4 29. Be4 Bxe4 30. fxe4 e5 31. Nd3 f6 32. Ra2 Ra8 33. Nc5 a5 34. Kf2 Kf7 35. Nb7 a4 36. Nc5 a3 37. Nd3 Nb5 38. Ke3 Ra4 39. Ra1 Nc3 40. Nc5 Rc4 41. Nb3 Nb5 42. Nd2 Rc3+ 43. Ke2 Nd4+ 44. Kf2 Rc2 45. Ke1 Rxd2 0-1

[Event "EU-ch 12th"]
[Site "Aix les Bains"]
[Date "2011.03.25"]
[Round "4"]
[White "Mercier, Pierre"]
[Black "Welz, Peter"]
[Result "0-1"]
[WhiteElo "1741"]
[BlackElo "2138"]
[PlyCount "94"]
[EventDate "2011.03.22"]
[EventType "swiss"]
[EventRounds "11"]
[EventCountry "FRA"]
[SourceTitle "CBM 142 Extra"]
[Source "ChessBase"]
[SourceDate "2011.06.27"]
[SourceVersion "1"]
[SourceVersionDate "2011.06.27"]
[SourceQuality "1"]

1. d4 f5 2. c4 Nf6 3. Nc3 g6 4. g3 Bg7 5. Bg2 0-0 6. Nh3 d6 7. 0-0 c6 8. d5 e5 9. dxe6 Bxe6 10. b3 h6 11. Nf4 Bf7 12. Qc2 Na6 13. Ba3 g5 14. Nd3 Re8 15. Rad1 Qc7 16. Rfe1 d5 17. c5 Re7 18. e3 Rae8 19. Ne2 Bh5 20. Rc1 Qd7 21. Bb2 Nc7 22. Bd4 Nb5 23. Bb2 Bg6 24. a4 Nc7 25. Bd4 Bh7 26. f4 Ng4 27. Qb2 Nxe3 28. Bxg7 Nxg2 29. Kxg2 Rxg7 30. Ne5 Qd8 31. Kf2 Ne6 32. b4 gxf4 33. gxf4 Qh4+ 34. Ke3 Qxh2 35. Rg1 Ree7 36. Rxg7+ Rxg7 37. Nf3 Qh5 38. Qe5 Qf7 39. Rh1 Rg6 40. Qb8+ Qf8 41. Qxb7 d4+ 42. Kd3 Qxc5 43. bxc5 Nxc5+ 44. Kxd4 Nxb7 45. Ke5 Nc5 46. Ned4 Nd3+ 47. Kxf5 Rg1+ 0-1